000 01815nam a2200493 i 4500
001 47029
003 KOSZ 005
005 20200624113907.0
008 200408s1972 pl a f 000 0 pol
015 _aPB B 1976/783
035 _a991042914159705066
035 _a(PL-WaBN)b21552721-48omnis_nlop
035 _ab21552721
035 _a(OCoLC)832360126
035 _a(PL)b0000002155272
035 _a(EXLNZ-48OMNIS_NETWORK)9910487362005606
040 _aWA N
_cWA N
_dKOSZ 005/KK
_dKOSZ 005/RW
046 _k1972
080 _a631.3
245 0 0 _aSystem maszyn rolniczych i leśnych.
_nT. 6 Cz. 13,
_pProdukcja zwierzęca /
_c[redakcja Henryk Bernacki] ; Instytut Mechanizacji i Elektryfikacji Rolnictwa.
246 3 0 _aProdukcja zwierzęca
250 _aWydanie 4.
260 _aWarszawa :
_bPaństwowe Wydawnictwo Rolnicze i Leśne :
_bna zlecenie Ministerstwa Rolnictwa [etc.],
_c1972.
300 _a189, [3] strony :
_bilustracje ;
_c25 cm.
336 _aTekst
_btxt
_2rdacontent
337 _aBez urządzenia pośredniczącego
_bn
_2rdamedia
338 _aWolumin
_bnc
_2rdacarrier
380 _aKsiążki
380 _aPublikacje fachowe
388 _a1901-2000
388 _a1945-1989
500 _aTytuł wydania poprzedniego: System maszyn rolniczych.
506 _aDo użytku służbowego.
650 7 _aMaszyny i narzędzia rolnicze
_2DBN
650 7 _aZwierzęta gospodarskie
650 7 _aProdukcja
655 7 _aOpracowanie
658 _aRolnictwo i leśnictwo
700 1 _aBernacki, Henryk
_eRedakcja
710 2 _aPaństwowe Wydawnictwo Rolnicze i Leśne
_4pbl
856 _uhttp://koha.tu.koszalin.pl/cgi-bin/koha/opac-detail.pl?biblionumber=47029
_yKatalog online BPK
942 _2UKD
_cKS
999 _c47029
_d47029